Total Drama Characters By Voice Actor Quiz Stats

 Plays Quiz not verified by Sporcle

Score 0/33 Timer 06:00
0 Plays Today
Voice Actor Character(s) % Correct
Christian PotenzaChris Mclean
93%
Rachel WilsonHeather
86.7%
Drew NelsonDuncan
83%
Cle BennettDJ, Chef Hatchet, DJ's Mama
79%
Megan FahlenbrookGwen
76.6%
Peter OldringCody, Tyler, Ezekiel
76.3%
Emile-Claire BarlowCourtney
76.2%
Scott McCordOwen, Trent
72.9%
Stephanie Anne MillsLindsay, Katie
70%
Brian FroudHarold, Sam
68.9%
Carter HaydenNoah
68.7%
Marco GrazziniAlejandro
65.3%
Annick ObonsawinSierra
63.6%
Novie EdwardsLeshawna
63.5%
Sarah GadonBeth
63.5%
Julia ChantreyEva
63.1%
Adam ReidJustin
62.7%
Voice Actor Character(s) % Correct
Lauren LipsonSadie
62.7%
Kristin FairlieBridgette
62.6%
Katie CrownIzzy
61.4%
Cory DoranMike
61.4%
Dan PetronijevicGeoff
60.8%
Barbara MamaboloZoey
59.5%
Carla CollinsBlaineley
58.1%
James WallisScott
56.4%
Kevin DuhaneyCameron
55%
Tyrone SavageLightning
52.5%
Athena KarkanisAnne Maria
52.2%
Jon CorBrick
51.9%
Laurie ElliotJo
51.7%
Ashley PetersStaci
51.5%
Caitlynne MedrekDawn
51%
Carleigh BeverleyDakota
50.6%

You're not logged in!

Compare scores with friends on all Sporcle quizzes.
OR
Log In

Show Comments

Extras

Top Quizzes Today


Score Distribution

Your Account Isn't Verified!

In order to create a playlist on Sporcle, you need to verify the email address you used during registration. Go to your Sporcle Settings to finish the process.

Report this User

Report this user for behavior that violates our Community Guidelines.

Details: